000 00416nam a22001817a 4500
003 NUST - PNEC
005 20170116181154.0
008 160107b xxu||||| |||| 00| 0 eng d
020 _a-
040 _cLIBRARY
082 _a621.9 BAK
100 _915733
_aBaker, Warren
245 _aCarbide cutting tools
_cWarren Baker
250 _a-
260 _cc.1949
650 _915734
_aTools
_xME
942 _2ddc
_cBK
999 _c71108
_d71108